[Event "Hradec Kralove op 11th"]
[Site "Hradec Kralove"]
[Date "2022.11.10"]
[Round "7"]
[White "Valik, Ondrej"]
[Black "Svec, Ludek"]
[Result "1-0"]
[WhiteElo "1675"]
[BlackElo "1602"]
[PlyCount "61"]
[EventDate "2022.11.05"]
[EventType "swiss"]
[EventRounds "9"]
[EventCountry "CZE"]
[SourceTitle "CBM 211 Extra"]
[Source "ChessBase"]
[SourceDate "2023.01.31"]
[SourceVersion "1"]
[SourceVersionDate "2023.01.31"]
[SourceQuality "1"]

1. c4 e6 2. Nc3 Nf6 3. e4 d5 4. e5 d4 5. exf6 dxc3 6. bxc3 Qxf6 7. Nf3 c5 8. d4 h6 9. a3 Bd6 10. Be3 Nd7 11. Bd3 0-0 12. Nd2 Qe7 13. Ne4 Bc7 14. Qh5 f5 15. Nxc5 Nxc5 16. dxc5 e5 17. 0-0 Bd7 18. Rab1 Rab8 19. f4 e4 20. Bc2 Bc6 21. Bd4 Qe8 22. Qh3 Qe6 23. Rbe1 Rbe8 24. Re3 Rf7 25. Rg3 Bd8 26. Qh5 g5 27. fxg5 f4 28. g6 Rf5 29. Qxh6 Bf6 30. Qh7+ Kf8 31. g7+ 1-0

[Event "Liberec Region-chT 2223"]
[Site "Czech Republic"]
[Date "2022.10.30"]
[Round "2.8"]
[White "Drahonovsky, Ivo"]
[Black "Svec, Ludek"]
[Result "1-0"]
[WhiteElo "1782"]
[BlackElo "1604"]
[PlyCount "55"]
[EventDate "2022.10.09"]
[EventType "team-tourn"]
[EventRounds "11"]
[EventCountry "CZE"]
[SourceTitle "EXT 2024"]
[Source "ChessBase"]
[SourceDate "2023.10.10"]
[SourceVersion "1"]
[SourceVersionDate "2023.10.10"]
[SourceQuality "1"]

1. d4 Nf6 2. c4 e6 3. Nf3 b6 4. a3 Bb7 5. Nc3 Be7 6. d5 0-0 7. e4 d6 8. Bd3 c6 9. 0-0 cxd5 10. exd5 exd5 11. cxd5 Nbd7 12. Bc2 a6 13. b4 Rc8 14. Qd3 Re8 15. Re1 Qc7 16. Bb2 Bf8 17. Rxe8 Rxe8 18. Rc1 b5 19. h3 Ne5 20. Nxe5 dxe5 21. Ne4 Nxe4 22. Qxe4 g6 23. Bb3 Qd6 24. g4 Bh6 25. Rc5 Bf4 26. Bd4 Kf8 27. Be3 Kg7 28. Bxf4 1-0

[Event "Brno Trade op"]
[Site "Brno"]
[Date "2021.09.04"]
[Round "8"]
[White "Svec, Ludek"]
[Black "Kuchar, Matej"]
[Result "0-1"]
[WhiteElo "1549"]
[BlackElo "1998"]
[PlyCount "62"]
[EventDate "2021.08.29"]
[EventType "swiss"]
[EventRounds "9"]
[EventCountry "CZE"]
[SourceTitle "CBM 204 Extra"]
[Source "ChessBase"]
[SourceDate "2021.11.30"]
[SourceVersion "1"]
[SourceVersionDate "2021.11.30"]
[SourceQuality "1"]

1. d4 Nf6 2. Nf3 g6 3. g3 Bg7 4. Bg2 0-0 5. 0-0 d6 6. c4 Nbd7 7. Nc3 e5 8. dxe5 dxe5 9. Qc2 c6 10. Rd1 Qe7 11. e4 a5 12. a4 Nc5 13. h3 Nfd7 14. Bg5 Qe6 15. b3 Na6 16. Qd2 Ndc5 17. Rab1 Qd7 18. Qe3 Qc7 19. Ne2 Be6 20. Rd2 f6 21. Bh6 Bxh6 22. Qxh6 Rad8 23. Ne1 Rxd2 24. Qxd2 Rd8 25. Qe3 Qd7 26. Kf1 Bxh3 27. Bxh3 Qxh3+ 28. Kg1 Qd7 29. Kf1 Qd2 30. Qxd2 Rxd2 31. Nc3 Nb4 0-1

[Event "Brno Trade op"]
[Site "Brno"]
[Date "2021.08.30"]
[Round "3"]
[White "Svec, Ludek"]
[Black "Borkovec, Ondrej"]
[Result "0-1"]
[WhiteElo "1549"]
[BlackElo "1223"]
[PlyCount "37"]
[EventDate "2021.08.29"]
[EventType "swiss"]
[EventRounds "9"]
[EventCountry "CZE"]
[SourceTitle "CBM 204 Extra"]
[Source "ChessBase"]
[SourceDate "2021.11.30"]
[SourceVersion "1"]
[SourceVersionDate "2021.11.30"]
[SourceQuality "1"]

1. d4 e6 2. Nf3 c5 3. g3 Nc6 4. Bg2 Nf6 5. 0-0 d5 6. c4 Bd6 7. cxd5 exd5 8. Nc3 0-0 9. Bg5 Be6 10. e4 Be7 11. e5 Nd7 12. Bxe7 Nxe7 13. Ng5 h6 14. Nxe6 fxe6 15. f4 Nf5 16. Nxd5 exd5 17. Bxd5+ Kh8 18. Qd3 cxd4 19. Rac1 0-1

[Event "Liberec op 20th"]
[Site "Liberec"]
[Date "2020.02.22"]
[Round "1"]
[White "Sernecki, Franciszek"]
[Black "Svec, Ludek"]
[Result "1-0"]
[WhiteElo "2218"]
[BlackElo "1581"]
[PlyCount "83"]
[EventDate "2020.02.22"]
[EventType "swiss"]
[EventRounds "9"]
[EventCountry "CZE"]
[SourceTitle "CBM 195 Extra"]
[Source "ChessBase"]
[SourceDate "2020.05.31"]
[SourceVersion "1"]
[SourceVersionDate "2020.05.31"]
[SourceQuality "1"]

1. e4 c5 2. Nf3 e6 3. Nc3 Nc6 4. d4 cxd4 5. Nxd4 Nf6 6. Nxc6 dxc6 7. Qxd8+ Kxd8 8. e5 Ng4 9. f4 Bb4 10. Be2 Nh6 11. Bd2 Bxc3 12. Bxc3 b6 13. 0-0-0+ Kc7 14. g4 Bb7 15. f5 Rhd8 16. f6 c5 17. Rhg1 Rxd1+ 18. Rxd1 g6 19. Rg1 Rd8 20. Rg3 Ng8 21. Bd3 Bd5 22. b3 Kc6 23. a4 Ra8 24. Bd2 h6 25. c4 Bh1 26. Rg1 Bf3 27. Rf1 Bg2 28. Rf2 Bh1 29. a5 Rd8 30. Kc2 Rf8 31. Be3 bxa5 32. Rf1 Bg2 33. Ra1 Kb6 34. Bd2 Bf3 35. h3 h5 36. g5 Bg2 37. h4 Bc6 38. Bxa5+ Kb7 39. Bd2 Rc8 40. Be3 Bf3 41. Ra5 a6 42. Rxc5 1-0

[Event "Marianske Lazne op Seniors"]
[Site "Marianske Lazne"]
[Date "2020.01.21"]
[Round "5"]
[White "Svec, Ludek"]
[Black "Kalveus, Jan"]
[Result "1/2-1/2"]
[WhiteElo "1617"]
[BlackElo "1808"]
[PlyCount "74"]
[EventDate "2020.01.18"]
[EventType "swiss"]
[EventRounds "9"]
[EventCountry "CZE"]
[SourceTitle "EXT 2022"]
[Source "ChessBase"]
[SourceDate "2021.10.06"]
[SourceVersion "1"]
[SourceVersionDate "2021.10.06"]
[SourceQuality "1"]

1. d4 Nf6 2. Nf3 e6 3. g3 b6 4. Bg2 Bb7 5. 0-0 Be7 6. c4 d5 7. Nc3 0-0 8. Ne5 c6 9. Qa4 Nfd7 10. Bf4 Nxe5 11. Bxe5 Nd7 12. Bf4 g5 13. Bd2 f5 14. Rad1 h6 15. Bc1 Nf6 16. f4 g4 17. Be3 h5 18. Bf2 Rf7 19. a3 Rh7 20. Na2 Qe8 21. Nc1 h4 22. Nd3 hxg3 23. Bxg3 b5 24. cxb5 cxb5 25. Qb3 Bd6 26. Rc1 Ne4 27. Rc2 Rc8 28. Rxc8 Bxc8 29. Rc1 Rc7 30. Rxc7 Bxc7 31. Qc2 Bb6 32. Nc5 Nxg3 33. hxg3 Qc6 34. b4 Kf7 35. Kf2 Bd8 36. Qd1 Qe8 37. Qh1 Kg7 1/2-1/2

[Event "Litomysl op 20th"]
[Site "Litomysl"]
[Date "2019.12.26"]
[Round "1"]
[White "Jedlicka, Ales"]
[Black "Svec, Ludek"]
[Result "1/2-1/2"]
[WhiteElo "2248"]
[BlackElo "1615"]
[PlyCount "117"]
[EventDate "2019.12.26"]
[EventType "swiss"]
[EventRounds "9"]
[EventCountry "CZE"]
[SourceTitle "CBM 194 Extra"]
[Source "ChessBase"]
[SourceDate "2020.03.31"]
[SourceVersion "1"]
[SourceVersionDate "2020.03.31"]
[SourceQuality "1"]

1. d4 Nf6 2. c4 e6 3. g3 d5 4. Bg2 Bb4+ 5. Bd2 Be7 6. Nf3 b6 7. Nc3 Bb7 8. cxd5 exd5 9. 0-0 0-0 10. Ne5 Na6 11. Bf4 c5 12. Rc1 Nc7 13. dxc5 bxc5 14. Qa4 Ne6 15. Rfd1 Re8 16. Nc6 Bxc6 17. Qxc6 Nxf4 18. gxf4 Rc8 19. Qa6 d4 20. Nb5 Qb6 21. Qxb6 axb6 22. Na7 Rb8 23. Nc6 Rbc8 24. e3 dxe3 25. fxe3 Bf8 26. Ne5 Red8 27. Bb7 Rxd1+ 28. Rxd1 Rb8 29. Ba6 b5 30. a4 bxa4 31. Bc4 Rb7 32. Rd8 g6 33. Ra8 Kg7 34. Rxa4 Nh5 35. b3 f5 36. Nc6 Rd7 37. Ne5 Re7 38. Ra5 Rc7 39. Ra8 Nf6 40. Nf3 Ne4 41. Bd3 h6 42. Bxe4 fxe4 43. Nd2 Rb7 44. Ra4 g5 45. Rxe4 gxf4 46. exf4 Kf6 47. Kf2 Kf5 48. Kf3 Bd6 49. Ra4 Rb4 50. Rxb4 cxb4 51. Ne4 Bxf4 52. h3 Bc7 53. Nc5 Bd6 54. Nd3 Be7 55. Nf4 Bc5 56. Nd3 Bd6 57. Nf2 Bf8 58. Ne4 Be7 59. Nf2 1/2-1/2

[Event "Klatovy op-B 24th"]
[Site "Klatovy"]
[Date "2018.07.03"]
[Round "4"]
[White "Mejzr, Jan"]
[Black "Svec, Ludek"]
[Result "1-0"]
[WhiteElo "1897"]
[BlackElo "1618"]
[PlyCount "39"]
[EventDate "2018.06.30"]
[EventType "swiss"]
[EventRounds "9"]
[EventCountry "CZE"]
[SourceTitle "CBM 185 Extra"]
[Source "ChessBase"]
[SourceDate "2018.07.29"]
[SourceVersion "1"]
[SourceVersionDate "2018.07.29"]
[SourceQuality "1"]

1. b4 e5 2. a3 Nf6 3. Bb2 d6 4. e3 Be7 5. c4 Bf5 6. Nc3 Nbd7 7. Be2 0-0 8. d3 Re8 9. g4 Bxg4 10. Bxg4 Nxg4 11. Qxg4 f5 12. Qxf5 Rf8 13. Qe6+ Kh8 14. Ne4 Bh4 15. Ne2 Bxf2+ 16. Nxf2 Qh4 17. Rf1 Rf6 18. Qxd7 Raf8 19. Nf4 R6f7 20. Qh3 1-0

[Event "Liberec op 18th"]
[Site "Liberec"]
[Date "2018.03.03"]
[Round "9"]
[White "Mraz, Pavel"]
[Black "Svec, Ludek"]
[Result "1-0"]
[WhiteElo "1597"]
[BlackElo "1673"]
[PlyCount "76"]
[EventDate "2018.02.24"]
[EventType "swiss"]
[EventRounds "9"]
[EventCountry "CZE"]
[SourceTitle "CBM 183 Extra"]
[Source "ChessBase"]
[SourceDate "2018.04.19"]
[SourceVersion "1"]
[SourceVersionDate "2018.04.19"]
[SourceQuality "1"]

1. Nf3 c5 2. e4 e6 3. d4 cxd4 4. Nxd4 Nf6 5. Nc3 Nc6 6. Nxc6 bxc6 7. Bd3 d5 8. exd5 exd5 9. 0-0 Bd6 10. Re1+ Be6 11. Bf5 0-0 12. Bxe6 fxe6 13. Rxe6 Qc7 14. g3 Qd7 15. Qe1 Rae8 16. Rxe8 Rxe8 17. Qf1 Qf5 18. Be3 Rb8 19. Bxa7 Rxb2 20. Ne2 c5 21. Nc3 Rxc2 22. Nb5 Be5 23. Rc1 c4 24. Bd4 Rxa2 25. Bxe5 Qxe5 26. Re1 Qh5 27. Re7 Ne4 28. Rxe4 Ra5 29. Rh4 Qe5 30. Nd4 Ra2 31. Nc6 Qf6 32. Nd4 g5 33. Rg4 h5 34. Rxg5+ Qxg5 35. Qb1 Ra8 36. Qb7 Ra1+ 37. Kg2 Qe5 38. Qc8+ Kf7 1-0

[Event "Hradec Kralove op 8th"]
[Site "Hradec Kralove"]
[Date "2017.10.01"]
[Round "1"]
[White "Jirasek, Pavel"]
[Black "Svec, Ludek"]
[Result "1-0"]
[WhiteElo "2292"]
[BlackElo "1698"]
[PlyCount "35"]
[EventDate "2017.10.01"]
[EventType "swiss"]
[EventRounds "9"]
[EventCountry "CZE"]
[SourceTitle "CBM 181 Extra"]
[Source "ChessBase"]
[SourceDate "2017.12.12"]
[SourceVersion "1"]
[SourceVersionDate "2017.12.12"]
[SourceQuality "1"]

1. e4 c5 2. Nf3 e6 3. c3 Nf6 4. e5 Nd5 5. d4 cxd4 6. cxd4 Nc6 7. Nc3 Be7 8. Bd3 0-0 9. 0-0 Nxc3 10. bxc3 b6 11. Re1 Bb7 12. h4 Rc8 13. Ng5 Bxg5 14. Bxg5 f6 15. Qh5 Rf7 16. Bxh7+ Kf8 17. Bc1 d5 18. Bg6 1-0

[Event "Klatovy op-B 23rd"]
[Site "Klatovy"]
[Date "2017.07.05"]
[Round "5"]
[White "Svec, Ludek"]
[Black "Palla, Ivan"]
[Result "1-0"]
[WhiteElo "1723"]
[BlackElo "1552"]
[PlyCount "65"]
[EventDate "2017.07.01"]
[EventType "swiss"]
[EventRounds "9"]
[EventCountry "CZE"]
[SourceTitle "EXT 2018"]
[Source "ChessBase"]
[SourceDate "2017.10.13"]
[SourceVersion "1"]
[SourceVersionDate "2017.10.13"]
[SourceQuality "1"]

1. d4 f5 2. Nf3 Nf6 3. g3 e6 4. Bg2 Be7 5. c4 c6 6. Nc3 0-0 7. 0-0 Na6 8. a3 Nc7 9. Nd2 d5 10. cxd5 exd5 11. Nf3 Ne4 12. Ne5 Bg5 13. e3 g6 14. Na4 Bf6 15. Qc2 Qe7 16. Nd3 Ne6 17. Bd2 Nxd2 18. Qxd2 b6 19. Rfc1 Bb7 20. Rab1 Rac8 21. b4 Rc7 22. Rc2 Rfc8 23. Rbc1 Nd8 24. Nc3 Nf7 25. Nf4 Nd6 26. Bxd5+ cxd5 27. Ncxd5 Qf7 28. Rxc7 Rxc7 29. Rxc7 Qf8 30. Nxf6+ Qxf6 31. Qa2+ Kh8 32. Qe6 Qxe6 33. Nxe6 1-0

[Event "Liberec op 17th"]
[Site "Liberec"]
[Date "2017.02.25"]
[Round "1"]
[White "Svec, Ludek"]
[Black "Horbing, Stefan"]
[Result "0-1"]
[WhiteElo "1716"]
[BlackElo "2121"]
[PlyCount "50"]
[EventDate "2017.02.25"]
[EventType "swiss"]
[EventRounds "9"]
[EventCountry "CZE"]
[SourceTitle "CBM 177 Extra"]
[Source "ChessBase"]
[SourceDate "2017.04.27"]
[SourceVersion "1"]
[SourceVersionDate "2017.04.27"]
[SourceQuality "1"]

1. d4 Nf6 2. Nf3 g6 3. c4 Bg7 4. g3 0-0 5. Bg2 d5 6. 0-0 dxc4 7. Nc3 c5 8. dxc5 Nbd7 9. Nd2 Nxc5 10. Nxc4 Be6 11. Qxd8 Rfxd8 12. Nd2 Rac8 13. a4 Nd5 14. Nxd5 Bxd5 15. Ra3 Bxg2 16. Kxg2 Bxb2 17. Ra2 Bc3 18. Nf3 b6 19. Be3 Na6 20. Ne1 Nb4 21. Ra3 Bxe1 22. Rxe1 Nc2 23. Rea1 Nxa1 24. Rxa1 Rd5 25. Rb1 Rc4 0-1